| 000 | 00751 a2200193 4500 | ||
|---|---|---|---|
| 003 | NUST | ||
| 005 | 20251113172138.0 | ||
| 040 | _cNust | ||
| 082 | _a621.382,BOK | ||
| 100 |
_aBokhari, GC Zarr Ali (TCC-14) _9131349 |
||
| 245 |
_aUniversal intelligent source coding detector UISCD / _cGC Ali Zarr Bokhari, GC M. Umar Hakim, GC Mufassir Abdur Rahim and GC Aamir Sohail. |
||
| 260 |
_aRawalpindi _bMCS (NUST) _c2006 |
||
| 300 | _a169 p.; | ||
| 505 | _aIntroduction to Information Theory (Page- 12), Data Compression Technique (Page-27),Artificial Neural Networks (Page-88),Our Approach and Results (Page-125). | ||
| 650 |
_aUG Projects _998716 |
||
| 651 |
_aTCC-14 _9131350 |
||
| 700 |
_aSupervised by Maj Imran Rasheed _9131896 |
||
| 942 |
_2ddc _cPR |
||
| 999 |
_c183535 _d183535 |
||